Utilitarismo, liberalismo y democracia

Saved in:
Bibliografiske detaljer
Hovedforfatter: Farrell, Martín Diego (Author)
Format: Bog
Sprog:spansk
Udgivet: Ciudad de México Fontamara 1997
Serier:Colección Biblioteca de Etica, Filosofía del Derecho y Política, 50
Fag:
Tags: Tilføj Tag
Ingen Tags, Vær først til at tagge denne postø!

MARC

LEADER 00000nam a2200000 a 4500
001 UCQ3988
003 CL-VaPUC
008 980829e19970000MX |||||||||||||||||spa|d
082 0 4 |a 320.5  |b FAR  |2 21 
100 0 |a Farrell, Martín Diego  |e author  |9 418187 
245 1 0 |a Utilitarismo, liberalismo y democracia 
300 |a 139 p 
942 |c BK 
945 |d 19980829 00:00:00  |a aarredon 
260 |a Ciudad de México  |b Fontamara  |c 1997 
650 7 |a FILOSOFIA POLITICA  |2 CL-VaPUC  |9 418188 
650 7 |a DERECHO  |2 CL-VaPUC  |9 418189 
650 0 |a Liberalismo  |9 255715 
650 0 |a Democracia  |9 255256 
650 0 |a Utilitarismo   |9 321614 
650 7 |a NEUTRALIDAD  |2 CL-VaPUC  |9 375136 
583 |a last modification  |c 19980829 00:00:00  |k Rodrigo Vera 
490 0 |a Colección Biblioteca de Etica, Filosofía del Derecho y Política, 50 
999 |c 274493  |d 274491 
952 |0 0  |1 0  |4 0  |6 320_500000000000000_FAR_1997  |7 0  |8 DER_TF  |9 310674  |a BIBDER  |b BIBDER  |d 2019-11-20  |i 3458881  |o 320.5 FAR 1997  |p 3458881  |r 2023-01-25  |w 2019-11-20  |x Ubicación 4to Piso  |y BK  |z Estos recursos deben solicitarse con anticipación  |k DER